000 005970000a22001810004500
003 MACL
005 20160226125419.0
008 160226b xxu||||| |||| 00| 0 eng d
040 _aMACL
_cMACL
041 _aHindi
082 _a800
100 _aडॉ शीला व्‍यास
_940605
245 _aछायावादी कवियों का आलोचना साहित्‍य
260 _bहिन्‍दी प्रचारक संस्‍थान
_c1977
_aवाराणसी
350 _a20
650 _aLiteracture
_939932
942 _cHIN
_k800
_2ddc
999 _c26840
_d26840